书目信息 |
| 题名: |
鲁迅诗歌注
|
|
| 作者: | 鲁迅 著 ;周振甫 注 | |
| 分册: | ||
| 出版信息: | 南京 江苏教育出版社 2006 |
|
| 页数: | 279页 | |
| 开本: | 23cm | |
| 丛书名: | 周振甫译注别集 | |
| 单 册: | ||
| 中图分类: | I210.5 | |
| 科图分类: | ||
| 主题词: | 鲁迅诗歌--注释 , 鲁迅诗歌 | |
| 电子资源: | ||
| ISBN: | 7-5343-7066-3 | |
| 000 | 00817oam2 2200265 450 | |
| 001 | 010040029775 | |
| 005 | 20061107085141.65 | |
| 010 | @a7-5343-7066-3@dCNY24.80 | |
| 100 | @a20060117d2006 em y0chiy0110 ea | |
| 101 | 0 | @achi |
| 102 | @aCN@b320000 | |
| 105 | @ay z 000yy | |
| 200 | 1 | @a鲁迅诗歌注@9lu xun shi ge zhu@f鲁迅著@g周振甫注 |
| 210 | @a南京@c江苏教育出版社@d2006 | |
| 215 | @a279页@d23cm | |
| 225 | 2 | @a周振甫译注别集@v9 |
| 330 | @a本书收入鲁迅诗歌共62题79首,是目前最为完整的注本,按旧体诗、新诗、民歌体诗以及轶诗四大部分对鲁迅诗歌做了分类。 | |
| 461 | 0 | @12001 @a周振甫译注别集@v9 |
| 606 | 0 | @a鲁迅诗歌@x注释 |
| 606 | 0 | @a鲁迅诗歌 |
| 690 | @aI210.5@v4 | |
| 701 | 0 | @a鲁迅@9lu xun@4著 |
| 702 | 0 | @a周振甫@9zhou zhen fu@4注 |
| 801 | 0 | @aCN@bRENTIAN@c20061107 |
| 905 | @a10447@dI210.5@e239 | |
| 鲁迅诗歌注/鲁迅著/周振甫注.-南京:江苏教育出版社,2006 |
| 279页;23cm.-(周振甫译注别集;9) |
| ISBN 7-5343-7066-3:CNY24.80 |
| 本书收入鲁迅诗歌共62题79首,是目前最为完整的注本,按旧体诗、新诗、民歌体诗以及轶诗四大部分对鲁迅诗歌做了分类。 |
| ● |
| 相关链接 |
|
|
|
|
正题名:鲁迅诗歌注
索取号:I210.5/239
 
预约/预借
| 序号 | 登录号 | 条形码 | 馆藏地/架位号 | 状态 | 备注 |
| 1 | 0382050 | 203820507 | 第一样本阅览室/ [索取号:I210.5/239] | 在馆 | |
| 2 | 0382051 | 203820516 | 第二借阅区/ [索取号:I210.5/239] | 在馆 | |
| 3 | 0382052 | 203820525 | 第二借阅区/ [索取号:I210.5/239] | 在馆 | |
| 4 | 0382053 | 203820534 | 第二借阅区/ [索取号:I210.5/239] | 在馆 | |
| 5 | 0382054 | 203820543 | 第二借阅区/ [索取号:I210.5/239] | 在馆 |